[Event "25th Chicago Open"]
[Site "Wheeling, IL"]
[Date "2016.05.30"]
[Round "8"]
[White "Nyzhnyk, Illia"]
[Black "Li, Ruifeng"]
[Result "1-0"]
[WhiteElo "2622"]
[BlackElo "2517"]
[PlyCount "63"]
[EventDate "2016.05.??"]
[EventType "swiss"]
[EventRounds "9"]
[EventCountry "USA"]
[Source "MonRoi"]

1. d4 d5 2. c4 c6 3. Nf3 Nf6 4. Nc3 e6 5. g3 Nbd7 6. Bg2 dxc4 7. a4 a5 8. O-O
Be7 9. e4 O-O 10. Qc2 e5 11. Rd1 Qc7 12. Ne2 exd4 13. Nexd4 Nc5 14. Bf4 Qb6 15.
Nd2 Bg4 16. Nxc4 Bxd1 17. Rxd1 Qa7 18. Nf5 Rfe8 19. Be3 Ng4 20. Nxe7+ Rxe7 21.
Bd4 Rd7 22. e5 Qa6 23. Nd6 Ne6 24. Bf1 b5 25. axb5 cxb5 26. Bxb5 Nxd4 27. Rxd4
Rxd6 28. exd6 Qxb5 29. d7 Rd8 30. Qc7 Qg5 31. Rxg4 Qf6 32. Re4 1-0

[Event "25th Chicago Open"]
[Site "Wheeling, IL"]
[Date "2016.05.30"]
[Round "8"]
[White "Shimanov, Alex"]
[Black "Vazquez, Guillermo"]
[Result "1-0"]
[WhiteElo "2631"]
[BlackElo "2401"]
[PlyCount "65"]
[EventDate "2016.05.??"]
[EventType "swiss"]
[EventRounds "9"]
[EventCountry "USA"]
[Source "MonRoi"]

1. d4 Nf6 2. Nf3 d5 3. Bf4 c5 4. e3 Nc6 5. Nbd2 cxd4 6. exd4 Bf5 7. c3 h6 8.
Ne5 a6 9. Ndf3 Nd7 10. Qa4 Qc8 11. c4 e6 12. c5 Be7 13. Be2 O-O 14. O-O Re8 15.
Rfd1 Bf6 16. Rac1 Be4 17. Bg3 Bxe5 18. Nxe5 Ndxe5 19. Bxe5 Qd7 20. Bd6 Rec8 21.
Bg3 Qe7 22. Qb3 Qf6 23. Qc3 Kh7 24. b4 Qd8 25. a4 Bg6 26. b5 axb5 27. axb5 Na5
28. Ra1 Nc4 29. f3 Rxa1 30. Rxa1 Ra8 31. h4 Rxa1+ 32. Qxa1 Qc8 33. Qa7 1-0

[Event "25th Chicago Open"]
[Site "Wheeling, IL"]
[Date "2016.05.30"]
[Round "8"]
[White "Chirila, Ioan"]
[Black "Kleiman, Jake"]
[Result "0-1"]
[WhiteElo "2530"]
[BlackElo "2378"]
[PlyCount "119"]
[EventDate "2016.05.??"]
[EventType "swiss"]
[EventRounds "9"]
[EventCountry "USA"]
[Source "MonRoi"]

1. d4 Nf6 2. c4 e6 3. Nf3 Bb4+ 4. Nbd2 O-O 5. a3 Be7 6. e4 d5 7. e5 Nfd7 8. Bd3
c5 9. h4 g6 10. h5 cxd4 11. cxd5 exd5 12. Nb3 Nc6 13. Bf4 Qb6 14. Bg3 Re8 15.
hxg6 hxg6 16. Kf1 Bf8 17. e6 Rxe6 18. Ng5 Nf6 19. Nxe6 Bxe6 20. f3 Bg7 21. Bf2
Nd7 22. Be2 Bf6 23. Nc1 Nde5 24. b3 Qd8 25. Nd3 Nxd3 26. Bxd3 a6 27. Rc1 Qa5
28. Qe1 Kg7 29. Qxa5 Nxa5 30. Rb1 b5 31. g4 Rc8 32. Be1 Nc4 33. bxc4 bxc4 34.
Rc1 Bg5 35. Rc2 Rb8 36. Be2 d3 37. Bc3+ Kf8 38. Bxd3 cxd3 39. Rb2 Rxb2 40. Bxb2
Be3 41. Bc3 d4 42. Bb4+ Kg7 43. Ke1 Bd5 44. Rh3 g5 45. a4 Bc6 46. a5 Bd5 47.
Bd2 Be6 48. Rh5 f6 49. Rh2 Bd5 50. Rh3 Bc6 51. Bb4 Bd7 52. Bd2 Be8 53. Bb4 Bg6
54. Bd2 Bh7 55. Bb4 Bg8 56. Rh2 Bd5 57. Rh3 Kg6 58. Bd2 f5 59. gxf5+ Kxf5 60.
Rg3 0-1

[Event "25th Chicago Open"]
[Site "Wheeling, IL"]
[Date "2016.05.30"]
[Round "8"]
[White "Bregadze, Levan"]
[Black "Lederer, Yoav"]
[Result "1/2-1/2"]
[WhiteElo "2467"]
[BlackElo "2323"]
[PlyCount "138"]
[EventDate "2016.05.??"]
[EventType "swiss"]
[EventRounds "9"]
[EventCountry "USA"]
[Source "MonRoi"]

1. d4 d5 2. c4 c6 3. Nf3 Nf6 4. e3 Bf5 5. Bd3 Bg6 6. Ne5 e6 7. Nc3 Nbd7 8. Nxg6
hxg6 9. h3 Qc7 10. Bd2 Be7 11. Qc2 dxc4 12. Bxc4 a6 13. Be2 Rc8 14. Rc1 O-O 15.
O-O c5 16. dxc5 Nxc5 17. Na4 Qb8 18. Nxc5 Bxc5 19. Qa4 Nd5 20. Rfd1 Be7 21. Bf3
Rxc1 22. Rxc1 Rc8 23. Bxd5 Rxc1+ 24. Bxc1 exd5 25. Qd7 Bd6 26. Bd2 Qc7 27. Qe8+
Kh7 28. Bc3 Qe7 29. Qc8 Qc7 30. Qxc7 Bxc7 31. Kf1 f6 32. Ke2 Kg8 33. Kd3 Kf7
34. Kd4 Ke6 35. Kc5 g5 36. a4 g6 37. b4 Bd8 38. b5 axb5 39. Kxb5 Kd7 40. Bd4 f5
41. g4 f4 42. Bb6 fxe3 43. fxe3 Be7 44. Bc5 Bd8 45. Bd4 Kd6 46. Bb6 Bf6 47. Ba7
Bd8 48. Bb6 Bf6 49. Bc5+ Kc7 50. Bd4 Be7 51. Be5+ Kd7 52. Kb6 Kc8 53. Bd4 Ba3
54. Kb5 Kc7 55. Bf6 Bc1 56. Bxg5 d4 57. Bf4+ Kd7 58. Kc4 dxe3 59. Kd3 e2 60.
Bg3 Ke6 61. Kxe2 Kd5 62. Kd3 Bg5 63. h4 Bc1 64. Bf2 Bh6 65. Be3 Bg7 66. h5 gxh5
67. gxh5 Bf8 68. h6 Bxh6 69. Bxh6 b5 1/2-1/2

[Event "25th Chicago Open"]
[Site "Wheeling, IL"]
[Date "2016.05.30"]
[Round "8"]
[White "Santarius, Erik"]
[Black "Sarkar, Justin"]
[Result "1/2-1/2"]
[WhiteElo "2302"]
[BlackElo "2430"]
[PlyCount "150"]
[EventDate "2016.05.??"]
[EventType "swiss"]
[EventRounds "9"]
[EventCountry "USA"]
[Source "MonRoi"]

1. d4 Nf6 2. c4 g6 3. Nf3 Bg7 4. g3 b6 5. Bg2 Bb7 6. O-O O-O 7. Qc2 c5 8. d5 b5
9. e4 bxc4 10. Nfd2 d6 11. Nxc4 Nfd7 12. Re1 Ne5 13. Nxe5 Bxe5 14. Bh6 Re8 15.
Nd2 Nd7 16. Nc4 Bd4 17. Bd2 Ne5 18. Nxe5 dxe5 19. Bh3 Bc8 20. Bxc8 Rxc8 21.
Rac1 e6 22. dxe6 Rxe6 23. b3 c4 24. bxc4 Rec6 25. Be3 Qa5 26. Kf1 Rxc4 27. Qxc4
Rxc4 28. Rxc4 Qa6 29. Rec1 Bxe3 30. fxe3 Qxa2 31. R4c2 Qa4 32. Rc4 Qb5 33. Kf2
a5 34. R4c2 h5 35. h4 Kg7 36. Kf3 Qb3 37. Re2 Qe6 38. Ra1 Qg4+ 39. Kf2 Qxe4 40.
Rxa5 Kf6 41. Rea2 Qh1 42. Ra1 Qh2+ 43. Kf3 e4+ 44. Kxe4 Qxg3 45. Rf1+ Kg7 46.
Rf4 f5+ 47. Kd3 Qe1 48. Ra7+ Kh6 49. Raa4 Qd1+ 50. Kc3 Qe2 51. Kd4 Qd2+ 52. Ke5
Qxe3+ 53. Kf6 Qb6+ 54. Ke5 Qc5+ 55. Ke6 Qf8 56. Rad4 Qe8+ 57. Kf6 Qh8+ 58. Kf7
Qg7+ 59. Ke6 g5 60. hxg5+ Kg6 61. Rd2 Qf7+ 62. Ke5 Qe7+ 63. Kd4 Qb4+ 64. Ke3
Qc3+ 65. Ke2 Qg3 66. Rf2 h4 67. Rd8 h3 68. Rd3 Qe5+ 69. Re3 Qb5+ 70. Kf3 Kxg5
71. Kg3 Qb6 72. Ref3 Qd6+ 73. Kxh3 f4 74. Rxf4 Qxf4 75. Rxf4 Kxf4 1/2-1/2

[Event "25th Chicago Open"]
[Site "Wheeling, IL"]
[Date "2016.05.30"]
[Round "8"]
[White "Kiewra, Keaton"]
[Black "Schmakel, Sam"]
[Result "1-0"]
[WhiteElo "2425"]
[BlackElo "2349"]
[PlyCount "97"]
[EventDate "2016.05.??"]
[EventType "swiss"]
[EventRounds "9"]
[EventCountry "USA"]
[Source "MonRoi"]

1. d4 Nf6 2. Bg5 d5 3. e3 Ne4 4. Bf4 c5 5. Bd3 Nf6 6. c3 Nc6 7. Nd2 Bg4 8. Ngf3
e6 9. Qb3 Qb6 10. Qxb6 axb6 11. Bb5 Nd7 12. Ne5 Ndxe5 13. Bxe5 Kd7 14. f3 Bh5
15. h4 f6 16. Bf4 Ra5 17. a4 Bd6 18. Bxd6 Kxd6 19. dxc5+ bxc5 20. Rd1 Kc7 21.
Nb3 c4 22. Nxa5 Nxa5 23. e4 Kd6 24. Kf2 Rc8 25. g4 Bf7 26. g5 f5 27. exf5 exf5
28. h5 Be6 29. Rhe1 f4 30. Rxe6+ Kxe6 31. Bd7+ Kxd7 32. Rxd5+ Ke6 33. Rxa5 Rd8
34. Rb5 Rd5 35. Rxb7 Rxg5 36. Rb6+ Kd7 37. h6 Kc7 38. Rb4 g6 39. Rxc4+ Kb6 40.
Rxf4 Rh5 41. Kg3 Ka5 42. b3 Rh1 43. Rc4 Ka6 44. b4 Kb6 45. a5+ Kb7 46. Rf4 Kc6
47. c4 Kd6 48. a6 g5 49. Rf7 1-0

[Event "25th Chicago Open"]
[Site "Wheeling, IL"]
[Date "2016.05.30"]
[Round "8"]
[White "Mulyar, Michael"]
[Black "Shabalov, Alexander"]
[Result "0-1"]
[WhiteElo "2388"]
[BlackElo "2533"]
[PlyCount "74"]
[EventDate "2016.05.??"]
[EventType "swiss"]
[EventRounds "9"]
[EventCountry "USA"]
[Source "MonRoi"]

1. d4 Nf6 2. Nf3 b6 3. c4 Bb7 4. g3 g6 5. Bg2 Bg7 6. O-O e6 7. Nc3 d5 8. cxd5
exd5 9. Bf4 O-O 10. Qc1 Bh8 11. Nb5 Na6 12. Bh3 c5 13. Nd6 Bc6 14. Ne5 Ba4 15.
b3 Bd7 16. Bxd7 Nxd7 17. Nc6 Qf6 18. e4 Bg7 19. exd5 Kh8 20. Qc4 Nc7 21. Ne4
Qf5 22. Bxc7 Qxe4 23. Rae1 Qf5 24. dxc5 bxc5 25. Bd6 Nb6 26. Qxc5 Rfc8 27. Rd1
Bf6 28. Rfe1 h5 29. Be7 Bg7 30. a4 h4 31. a5 h3 32. Re3 Nxd5 33. Qxd5 Qxd5 34.
Rxd5 Rxc6 35. Rd1 f5 36. b4 Rc4 37. Bc5 Bf8 0-1

[Event "25th Chicago Open"]
[Site "Wheeling, IL"]
[Date "2016.05.30"]
[Round "8"]
[White "Vibbert, Sean"]
[Black "Gurevich, Daniel"]
[Result "0-1"]
[WhiteElo "2350"]
[BlackElo "2464"]
[PlyCount "140"]
[EventDate "2016.05.??"]
[EventType "swiss"]
[EventRounds "9"]
[EventCountry "USA"]
[Source "MonRoi"]

1. e4 c6 2. Nc3 d5 3. Nf3 Nf6 4. e5 Ne4 5. Be2 Nxc3 6. bxc3 c5 7. O-O Nc6 8. d4
c4 9. Nh4 e6 10. g3 Be7 11. Ng2 Qa5 12. Qd2 Bd7 13. Ne3 h5 14. Bb2 Qa4 15. f4
g6 16. Bf3 O-O-O 17. h3 Kb8 18. Qg2 Bc8 19. Kf2 f6 20. exf6 Bxf6 21. h4 Ne7 22.
Kg1 Rd6 23. Qd2 Ra6 24. Rfb1 Rd8 25. Bc1 Qe8 26. Bb2 Rdd6 27. Qc1 Qa4 28. Kh2
Ra5 29. Bg2 Rda6 30. Bh3 Qe8 31. a3 Qf8 32. Qd2 Ng8 33. Ng2 Be7 34. Ne1 Nf6 35.
Nf3 Ne4 36. Qe1 Bxa3 37. Bxa3 Rxa3 38. Ng5 Nxg5 39. hxg5 Qd6 40. Rxa3 Rxa3 41.
Qe3 Ra2 42. Qe2 a5 43. Kg2 Bd7 44. Kf3 a4 45. Ke3 a3 46. Kd2 Rb2 47. Ra1 a2 48.
Qe5 Qxe5 49. dxe5 Ba4 50. Bxe6 Rxc2+ 51. Ke3 Rxc3+ 52. Ke2 Rc2+ 53. Ke3 Be8 54.
Bxd5 b5 55. Be4 Rc3+ 56. Kd4 Ra3 57. e6 Kc7 58. Kc5 Kd8 59. Kd6 Ra6+ 60. Ke5 b4
61. f5 gxf5 62. Bxf5 Ke7 63. Kd4 b3 64. Kc3 Ra5 65. Be4 Rxg5 66. Kxc4 Rg4 67.
Kxb3 Rxe4 68. Kxa2 Ra4+ 69. Kb1 Bg6+ 70. Kb2 Rxa1 0-1

[Event "25th Chicago Open"]
[Site "Wheeling, IL"]
[Date "2016.05.30"]
[Round "8"]
[White "Shmelov, Denys"]
[Black "Homa, Seth"]
[Result "1/2-1/2"]
[WhiteElo "2406"]
[BlackElo "2325"]
[PlyCount "29"]
[EventDate "2016.05.??"]
[EventType "swiss"]
[EventRounds "9"]
[EventCountry "USA"]
[Source "MonRoi"]

1. d4 d5 2. c4 e6 3. Nc3 c6 4. Nf3 Nf6 5. Bg5 h6 6. Bxf6 Qxf6 7. Qb3 Nd7 8. e4
dxe4 9. Nxe4 Qf4 10. Bd3 e5 11. O-O Be7 12. Rfe1 exd4 13. Nxd4 O-O 14. g3 Qc7
15. Nf5 1/2-1/2

[Event "25th Chicago Open"]
[Site "Wheeling, IL"]
[Date "2016.05.30"]
[Round "8"]
[White "Carmenate, Holden"]
[Black "Rizzitano, James"]
[Result "1-0"]
[WhiteElo "2518"]
[BlackElo "2304"]
[PlyCount "111"]
[EventDate "2016.05.??"]
[EventType "swiss"]
[EventRounds "9"]
[EventCountry "USA"]
[Source "MonRoi"]

1. d4 Nf6 2. c4 e6 3. Nc3 Bb4 4. e3 b6 5. Nge2 Ba6 6. a3 Be7 7. Nf4 d5 8. Qa4+
c6 9. cxd5 Bxf1 10. d6 Bxd6 11. Kxf1 b5 12. Qd1 Bxf4 13. exf4 O-O 14. g3 Nbd7
15. Qf3 Rc8 16. Kg2 Nb6 17. Rd1 Qd7 18. b3 Nbd5 19. Ne2 Rfd8 20. Bb2 Qb7 21.
Rac1 a5 22. Rb1 Nb6 23. Nc1 a4 24. b4 Nc4 25. Nd3 Rd5 26. Ne5 Nxe5 27. dxe5
Rxd1 28. Rxd1 Nd5 29. Bd4 Rd8 30. Bc5 Qd7 31. Rd4 Qe8 32. g4 h6 33. Kg3 f6 34.
exf6 gxf6 35. Re4 Qf7 36. Re1 Kh8 37. Qe4 Re8 38. Bd4 Kg8 39. h4 Kf8 40. g5
hxg5 41. hxg5 Ke7 42. g6 Qg8 43. f5 Kd7 44. f4 exf5 45. Qxf5+ Kc7 46. Rxe8 Qxe8
47. Kf2 Qh8 48. Kg3 Qe8 49. g7 Qf7 50. Qh7 Ne7 51. Bxf6 Ng8 52. Be5+ Kb6 53.
Qd3 Kb7 54. Qd6 Ne7 55. Qxe7+ Qxe7 56. g8=Q 1-0

[Event "25th Chicago Open"]
[Site "Wheeling, IL"]
[Date "2016.05.30"]
[Round "8"]
[White "Shetty, Atulya"]
[Black "Titus, Andrew"]
[Result "1-0"]
[WhiteElo "2366"]
[BlackElo "2109"]
[PlyCount "81"]
[EventDate "2016.05.??"]
[EventType "swiss"]
[EventRounds "9"]
[EventCountry "USA"]
[Source "MonRoi"]

1. c4 e6 2. g3 Nf6 3. Nf3 d5 4. b3 c5 5. Bg2 d4 6. e3 Nc6 7. exd4 cxd4 8. O-O
Bd6 9. Na3 O-O 10. d3 e5 11. Nc2 Re8 12. a3 a5 13. Rb1 Ne7 14. b4 axb4 15. axb4
Ng6 16. Re1 Rb8 17. b5 Bc5 18. Bd2 Bf5 19. Bb4 Nd7 20. h4 f6 21. h5 Ngf8 22.
Nh4 Be6 23. Be4 Bf7 24. Bd2 Bb6 25. Nf5 Be6 26. Nd6 Re7 27. Nxb7 Qc7 28. Bb4
Nc5 29. Nxc5 Bxc5 30. Bxc5 Qxc5 31. Nb4 Rc8 32. Qf3 Rf7 33. Na6 Qa7 34. Bd5 Rd7
35. Bc6 Rd6 36. Ra1 Qf7 37. Nc5 Kh8 38. Nxe6 Nxe6 39. Rxe5 Qc7 40. Re2 Ng5 41.
Qf5 1-0

[Event "25th Chicago Open"]
[Site "Wheeling, IL"]
[Date "2016.05.30"]
[Round "8"]
[White "Ludwig, John"]
[Black "Li, Ben"]
[Result "1-0"]
[WhiteElo "2348"]
[BlackElo "2249"]
[PlyCount "85"]
[EventDate "2016.05.??"]
[EventType "swiss"]
[EventRounds "9"]
[EventCountry "USA"]
[Source "MonRoi"]

1. e4 e5 2. Nf3 Nc6 3. Bb5 a6 4. Ba4 Nf6 5. d3 Bc5 6. c3 b5 7. Bb3 d6 8. O-O
O-O 9. Nbd2 Re8 10. Re1 Be6 11. Nf1 Bxb3 12. Qxb3 h6 13. Be3 Bxe3 14. Nxe3 Ne7
15. a4 c6 16. Ra2 Nd7 17. d4 Ng6 18. axb5 axb5 19. Rxa8 Qxa8 20. Nf5 Re6 21.
Rd1 Qb8 22. g3 Nf6 23. dxe5 dxe5 24. Qc2 Re8 25. Qd3 Qa7 26. b4 Qa4 27. Rb1 Qa3
28. Nd2 Qa8 29. Nb3 Rd8 30. Qc2 Nd7 31. h4 Kf8 32. Ra1 Qb7 33. Qd2 Qc7 34. Rd1
Kg8 35. Nc5 Ngf8 36. Qd6 Qb6 37. Ne7+ Kh8 38. Nxc6 Rc8 39. Nxe5 Qxd6 40. Nxf7+
Kh7 41. Nxd6 Rc6 42. Nxd7 Nxd7 43. Nxb5 1-0

[Event "25th Chicago Open"]
[Site "Wheeling, IL"]
[Date "2016.05.30"]
[Round "8"]
[White "Haessel, Dale"]
[Black "Mattson, Dane"]
[Result "1/2-1/2"]
[WhiteElo "2234"]
[BlackElo "2040"]
[PlyCount "28"]
[EventDate "2016.05.??"]
[EventType "swiss"]
[EventRounds "9"]
[EventCountry "USA"]
[Source "MonRoi"]

1. d4 d5 2. c4 dxc4 3. e4 Nc6 4. Nf3 Nf6 5. d5 Nxe4 6. Bxc4 e6 7. O-O Bc5 8.
dxc6 Bxf2+ 9. Kh1 Qxd1 10. Rxd1 Bb6 11. Rf1 Nf2+ 12. Kg1 Nh3+ 13. Kh1 Nf2+ 14.
Kg1 Nh3+ 1/2-1/2

[Event "25th Chicago Open"]
[Site "Wheeling, IL"]
[Date "2016.05.30"]
[Round "8"]
[White "Kretchetov, Alexandre"]
[Black "Wang, Justin"]
[Result "1-0"]
[WhiteElo "2246"]
[BlackElo "2198"]
[PlyCount "97"]
[EventDate "2016.05.??"]
[EventType "swiss"]
[EventRounds "9"]
[EventCountry "USA"]
[Source "MonRoi"]

1. d4 Nf6 2. Bg5 d5 3. e3 e6 4. Nd2 Be7 5. Bd3 Nbd7 6. f4 b6 7. Nh3 Bb7 8. Nf2
c5 9. c3 Qc7 10. Qe2 Bd6 11. O-O h6 12. Bxf6 gxf6 13. dxc5 bxc5 14. c4 d4 15.
Nfe4 Be7 16. Ng3 O-O-O 17. Be4 h5 18. Bxb7+ Qxb7 19. e4 h4 20. Nh1 Bd6 21. Rf3
Qc7 22. Raf1 Rdg8 23. Nb3 Rg4 24. g3 hxg3 25. hxg3 Rg7 26. Qg2 e5 27. f5 Rgh7
28. Nf2 Qd8 29. Rd1 Qf8 30. Nd2 Bc7 31. Ra3 Bb6 32. Qf3 Rh5 33. Nf1 R5h6 34.
Qb3 Qd6 35. Ne3 Nb8 36. Nd5 Kb7 37. Qa4 Kc8 38. Qb5 Kb7 39. Qa4 Kc8 40. Rdd3
Qd7 41. Qb3 Qb7 42. Qb5 Nd7 43. Rdb3 R6h7 44. Rxa7 Qxa7 45. Qc6+ Bc7 46. Ra3
Qb7 47. Ra8+ Nb8 48. Ne7+ Kd8 49. Qxb7 1-0

[Event "25th Chicago Open"]
[Site "Wheeling, IL"]
[Date "2016.05.30"]
[Round "9.1"]
[White "Moradiabadi, Elshan"]
[Black "Belous, Vladimir"]
[Result "1/2-1/2"]
[WhiteElo "2594"]
[BlackElo "2557"]
[PlyCount "27"]
[EventDate "2016.05.??"]
[EventType "swiss"]
[EventRounds "9"]
[EventCountry "USA"]
[Source "MonRoi"]
[WhiteClock "1:23:47"]
[BlackClock "1:34:29"]

1. Nf3 Nf6 2. g3 c5 3. Bg2 Nc6 4. O-O g6 5. d4 cxd4 6. Nxd4 Bg7 7. e4 O-O 8.
Ne2 b6 9. e5 Ng4 10. f4 Bb7 11. Nbc3 Nh6 12. h3 d6 13. exd6 Nf5 14. Ne4 1/2-1/2

[Event "25th Chicago Open"]
[Site "Wheeling, IL"]
[Date "2016.05.30"]
[Round "9.2"]
[White "Durarbayli, Vasif"]
[Black "Nyzhnyk, Illia"]
[Result "1/2-1/2"]
[WhiteElo "2596"]
[BlackElo "2622"]
[PlyCount "44"]
[EventDate "2016.05.??"]
[EventType "swiss"]
[EventRounds "9"]
[EventCountry "USA"]
[Source "MonRoi"]
[WhiteClock "1:14:06"]
[BlackClock "1:15:00"]

1. e4 e6 2. d4 d5 3. e5 c5 4. c3 Nc6 5. Nf3 Bd7 6. Be2 Qb6 7. O-O Rc8 8. dxc5
Bxc5 9. b4 Bf8 10. Na3 Nge7 11. Rb1 Ng6 12. c4 Nxb4 13. cxd5 exd5 14. Bd2 a5
15. Qb3 Bc5 16. Nc2 O-O 17. Nxb4 axb4 18. a3 Bf5 19. Bd3 Be4 20. axb4 Bd4 21.
Bxe4 dxe4 22. Ng5 Nxe5 1/2-1/2

[Event "25th Chicago Open"]
[Site "Wheeling, IL"]
[Date "2016.05.30"]
[Round "9.3"]
[White "Akobian, Varuzhan"]
[Black "Petrosian, Tigran"]
[Result "1-0"]
[WhiteElo "2612"]
[BlackElo "2593"]
[PlyCount "59"]
[EventDate "2016.05.??"]
[EventType "swiss"]
[EventRounds "9"]
[EventCountry "USA"]
[Source "MonRoi"]
[WhiteClock "0:32:22"]
[BlackClock "0:00:11"]

1. d4 Nf6 2. c4 g6 3. Nc3 Bg7 4. e4 O-O 5. Be2 d6 6. Bg5 Nbd7 7. Qd2 c5 8. d5
b5 9. cxb5 a6 10. bxa6 Qa5 11. Nf3 Bxa6 12. Bxa6 Qxa6 13. Qe2 Qxe2+ 14. Kxe2
Rfb8 15. Rab1 Nb6 16. Nd2 h6 17. Bxf6 Bxf6 18. Kd3 Nd7 19. f4 c4+ 20. Nxc4 Nc5+
21. Ke3 Bxc3 22. bxc3 Rxb1 23. Rxb1 Rxa2 24. e5 dxe5 25. fxe5 Rxg2 26. Rb5 Na4
27. d6 exd6 28. exd6 Nxc3 29. Rb8+ Kg7 30. d7 1-0

[Event "25th Chicago Open"]
[Site "Wheeling, IL"]
[Date "2016.05.30"]
[Round "9.4"]
[White "Ju, Wenjun"]
[Black "Zherebukh, Yaroslav"]
[Result "1-0"]
[WhiteElo "2559"]
[BlackElo "2595"]
[PlyCount "85"]
[EventDate "2016.05.??"]
[EventType "swiss"]
[EventRounds "9"]
[EventCountry "USA"]
[Source "MonRoi"]
[WhiteClock "0:08:17"]
[BlackClock "0:06:29"]

1. d4 Nf6 2. c4 c5 3. d5 e6 4. Nc3 exd5 5. cxd5 d6 6. Nf3 g6 7. g3 Bg7 8. Bg2
O-O 9. O-O a6 10. a4 Re8 11. Bf4 Nh5 12. Bg5 Qc7 13. Qd2 Nd7 14. Bh6 Bh8 15. g4
Nhf6 16. h3 Rb8 17. Qf4 b5 18. axb5 axb5 19. Ng5 Ne5 20. Nge4 Nxe4 21. Nxe4 f5
22. gxf5 Bxf5 23. Ng3 Bd7 24. Qc1 Nf7 25. Bd2 b4 26. f4 Ra8 27. Rxa8 Rxa8 28.
Bxb4 Bd4+ 29. Kh2 Re8 30. Bc3 Be3 31. Bd2 Bd4 32. e3 Bf6 33. b4 Bb5 34. Re1 Bd3
35. bxc5 Qxc5 36. Qxc5 dxc5 37. e4 g5 38. Nh5 Bd8 39. fxg5 Nxg5 40. e5 Bg6 41.
Nf4 Be4 42. Bxe4 Rxe5 43. Bg2 1-0

[Event "25th Chicago Open"]
[Site "Wheeling, IL"]
[Date "2016.05.30"]
[Round "9"]
[White "Stukopin, Andrey"]
[Black "Kiewra, Keaton"]
[Result "1-0"]
[WhiteElo "2595"]
[BlackElo "2425"]
[PlyCount "87"]
[EventDate "2016.05.??"]
[EventType "swiss"]
[EventRounds "9"]
[EventCountry "USA"]
[Source "MonRoi"]

1. Nf3 d5 2. g3 Nf6 3. Bg2 Bf5 4. O-O e6 5. c4 c6 6. d3 Be7 7. Nc3 h6 8. cxd5
exd5 9. Nd4 Bh7 10. e4 O-O 11. Re1 Bc5 12. Nb3 Bb6 13. Bf4 Na6 14. a3 dxe4 15.
dxe4 Qxd1 16. Raxd1 Rad8 17. Bf3 Rxd1 18. Rxd1 Rd8 19. Rxd8+ Bxd8 20. Kf1 Nd7
21. Ke2 f5 22. exf5 Bxf5 23. Nd4 Bh3 24. Ne4 g5 25. Be3 Be7 26. Bh5 Ne5 27. f4
Bg4+ 28. Bxg4 Nxg4 29. Nf5 Bd8 30. Bxa7 gxf4 31. gxf4 Nxh2 32. Nxh6+ Kh7 33.
Nf7 Bc7 34. f5 Kg7 35. Nfd6 Bxd6 36. Nxd6 b5 37. Ke3 Kf6 38. Kf4 Nc7 39. Ne4+
Ke7 40. Kg3 Nf1+ 41. Kg2 Nd2 42. Nxd2 Kf6 43. Kf3 Kxf5 44. Ke3 1-0

[Event "25th Chicago Open"]
[Site "Wheeling, IL"]
[Date "2016.05.30"]
[Round "9"]
[White "Shabalov, Alexander"]
[Black "Harmon-vellotti, Luke"]
[Result "1/2-1/2"]
[WhiteElo "2533"]
[BlackElo "2409"]
[PlyCount "70"]
[EventDate "2016.05.??"]
[EventType "swiss"]
[EventRounds "9"]
[EventCountry "USA"]
[Source "MonRoi"]

1. e4 e6 2. Qe2 c5 3. f4 Nc6 4. Nf3 g6 5. g3 Bg7 6. Bg2 d6 7. O-O Nge7 8. c3
O-O 9. Na3 b6 10. Nc2 Bb7 11. d3 Qc7 12. Be3 Rae8 13. d4 f5 14. e5 dxe5 15.
dxe5 h6 16. Na3 Qc8 17. Nb5 Ba6 18. a4 Rd8 19. Nd2 Nd5 20. Nc4 Nce7 21. Ncd6
Qb8 22. Rfd1 Bc8 23. c4 Nb4 24. a5 Ba6 25. axb6 axb6 26. h4 Bxb5 27. Ra8 Qxa8
28. Bxa8 Ba4 29. Bb7 Bxd1 30. Qxd1 Nec6 31. Qe2 h5 32. Bf2 Rd7 33. Be1 Rfd8 34.
Bc3 Rxd6 35. exd6 Rxd6 1/2-1/2

[Event "25th Chicago Open"]
[Site "Wheeling, IL"]
[Date "2016.05.30"]
[Round "9"]
[White "Li, Ruifeng"]
[Black "Gindi, Shachar"]
[Result "1-0"]
[WhiteElo "2517"]
[BlackElo "2337"]
[PlyCount "61"]
[EventDate "2016.05.??"]
[EventType "swiss"]
[EventRounds "9"]
[EventCountry "USA"]
[Source "MonRoi"]

1. e4 c5 2. Nc3 Nc6 3. g3 g6 4. Bg2 Bg7 5. d3 d6 6. Be3 e5 7. f4 Nge7 8. Nf3
Nd4 9. O-O O-O 10. Qd2 Be6 11. Rf2 Qd7 12. Ng5 exf4 13. Bxf4 Nec6 14. Nxe6 fxe6
15. Raf1 Ne5 16. h3 b5 17. Nd1 a5 18. Kh1 b4 19. c3 Nb5 20. Ne3 Nc6 21. Ng4
bxc3 22. bxc3 Bxc3 23. Bh6 Rxf2 24. Qxf2 Qe7 25. e5 d5 26. Qf4 Rd8 27. Bg5 Rf8
28. Bf6 Rxf6 29. exf6 Qd6 30. Qh6 Qf8 31. f7+ 1-0

[Event "25th Chicago Open"]
[Site "Wheeling, IL"]
[Date "2016.05.30"]
[Round "9"]
[White "Sarkar, Justin"]
[Black "Fishbein, Alexander"]
[Result "1/2-1/2"]
[WhiteElo "2430"]
[BlackElo "2481"]
[PlyCount "62"]
[EventDate "2016.05.??"]
[EventType "swiss"]
[EventRounds "9"]
[EventCountry "USA"]
[Source "MonRoi"]

1. e4 e5 2. Nf3 Nc6 3. Bc4 Nf6 4. Ng5 d5 5. exd5 Na5 6. Bb5+ c6 7. dxc6 bxc6 8.
Bd3 Nd5 9. Nf3 Nf4 10. O-O Nxd3 11. cxd3 Bd6 12. Nc3 O-O 13. Re1 f6 14. d4 exd4
15. Ne4 c5 16. d3 Be7 17. Bd2 Nc6 18. Qb3+ Kh8 19. h3 Rb8 20. Qc4 Rxb2 21. Nxc5
Ne5 22. Nxe5 fxe5 23. Nb3 Bg5 24. Qc1 Qf6 25. Re2 Bxd2 26. Nxd2 Rb8 27. Qc7 Bf5
28. Qxe5 Qg6 29. Qxd4 Bxh3 30. f3 Rbd8 31. Qxa7 Qxd3 1/2-1/2

[Event "25th Chicago Open"]
[Site "Wheeling, IL"]
[Date "2016.05.30"]
[Round "9"]
[White "Vazquez, Guillermo"]
[Black "Bregadze, Levan"]
[Result "1/2-1/2"]
[WhiteElo "2401"]
[BlackElo "2467"]
[PlyCount "38"]
[EventDate "2016.05.??"]
[EventType "swiss"]
[EventRounds "9"]
[EventCountry "USA"]
[Source "MonRoi"]

1. e4 g6 2. d4 Bg7 3. Nf3 d6 4. Bc4 Nf6 5. Qe2 c6 6. Bb3 Bg4 7. Nbd2 d5 8. e5
Nfd7 9. h3 Bxf3 10. Nxf3 e6 11. O-O c5 12. c3 Nc6 13. Bg5 Qb6 14. dxc5 Qxc5 15.
Bf4 O-O 16. Rac1 b5 17. Be3 Qe7 18. Bg5 Qc5 19. Be3 Qe7 1/2-1/2

[Event "25th Chicago Open"]
[Site "Wheeling, IL"]
[Date "2016.05.30"]
[Round "9"]
[White "Alejano, Carlos"]
[Black "Santarius, Erik"]
[Result "1/2-1/2"]
[WhiteElo "2533"]
[BlackElo "2302"]
[PlyCount "94"]
[EventDate "2016.05.??"]
[EventType "swiss"]
[EventRounds "9"]
[EventCountry "USA"]
[Source "MonRoi"]

1. e4 c6 2. d4 d5 3. e5 Bf5 4. Nf3 e6 5. Be2 Nd7 6. O-O h6 7. Nbd2 Ne7 8. Nb3
g5 9. Ne1 Qc7 10. Be3 O-O-O 11. Rc1 Bg7 12. Nd3 Kb8 13. Ndc5 Ka8 14. Nxd7 Qxd7
15. c4 dxc4 16. Rxc4 Qc7 17. Qc1 Be4 18. Rb4 b6 19. Ba6 f6 20. exf6 Bxf6 21. a4
Rb8 22. a5 bxa5 23. Rb7 Rxb7 24. Bxb7+ Qxb7 25. Nc5 Qb4 26. Nxe4 Bxd4 27. Bxd4
Qxd4 28. Nc5 Qd6 29. Qc3 Rb8 30. Rc1 Nd5 31. Qxa5 Rxb2 32. Qa1 Rb8 33. g3 e5
34. Qa4 Rb5 35. Ne4 Qd7 36. Qa3 Nb4 37. Qf3 Rb8 38. Qf6 Qd5 39. Nc5 e4 40. Qe7
e3 41. Qxe3 Nc2 42. Qe7 Nd4 43. Ra1 Nb5 44. Ne6 Rc8 45. Nc5 Rb8 46. Ne6 Rc8 47.
Nc5 Rb8 1/2-1/2